header

E-youth : (Record no. 110410)

MARC details
000 -LEADER
fixed length control field 01940nam a2200433 i 4500
001 - CONTROL NUMBER
control field ebr10600380
003 - CONTROL NUMBER IDENTIFIER
control field CaPaEBR
006 - FIXED-LENGTH DATA ELEMENTS--ADDITIONAL MATERIAL CHARACTERISTICS--GENERAL INFORMATION
fixed length control field m o d
007 - PHYSICAL DESCRIPTION FIXED FIELD--GENERAL INFORMATION
fixed length control field cr cn|||||||||
008 - FIXED-LENGTH DATA ELEMENTS--GENERAL INFORMATION
fixed length control field 140619t20122012be a ob 100 0 eng d
020 ## - INTERNATIONAL STANDARD BOOK NUMBER
Cancelled/invalid ISBN 9789052017846
International Standard Book Number 9783035261530 (e-book)
040 ## - CATALOGING SOURCE
Original cataloging agency CaPaEBR
Language of cataloging eng
Description conventions rda
-- pn
Transcribing agency CaPaEBR
035 ## - SYSTEM CONTROL NUMBER
System control number (OCoLC)818871471
050 14 - LIBRARY OF CONGRESS CALL NUMBER
Classification number HQ799.2.I5
Item number .E968 2012eb
082 04 - DEWEY DECIMAL CLASSIFICATION NUMBER
Classification number 004.67/80835
Edition number 23
245 00 - TITLE STATEMENT
Title E-youth :
Remainder of title balancing between opportunities and risks /
Statement of responsibility, etc Michel Walrave [and four others], editors.
264 #1 - PRODUCTION, PUBLICATION, DISTRIBUTION, MANUFACTURE, AND COPYRIGHT NOTICE
Place of production, publication, distribution, manufacture Brussels, [Belguim] :
Name of producer, publisher, distributor, manufacturer P.I.E. Peter Lang,
Date of production, publication, distribution, manufacture, or copyright notice 2012.
Date of production, publication, distribution, manufacture, or copyright notice �2012
300 ## - PHYSICAL DESCRIPTION
Extent 1 online resource (300 pages) :
Other physical details illustrations
336 ## - CONTENT TYPE
Content type term text
Source rdacontent
337 ## - MEDIA TYPE
Media type term computer
Source rdamedia
338 ## - CARRIER TYPE
Carrier type term online resource
Source rdacarrier
500 ## - GENERAL NOTE
General note "Papers presented at a conference organised by UCSIA and MIOS University of Antwerp"--Preface.
504 ## - BIBLIOGRAPHY, ETC. NOTE
Bibliography, etc Includes bibliographical references at the end of each chapters.
588 ## - SOURCE OF DESCRIPTION NOTE
Source of description note Description based on print version record.
590 ## - LOCAL NOTE (RLIN)
Local note Electronic reproduction. Palo Alto, Calif. : ebrary, 2014. Available via World Wide Web. Access may be limited to ebrary affiliated libraries.
650 #0 - SUBJECT ADDED ENTRY--TOPICAL TERM
Topical term or geographic name as entry element Cyberbullying
Form subdivision Congresses.
Topical term or geographic name as entry element Internet and teenagers
Form subdivision Congresses.
Topical term or geographic name as entry element Internet and children
Form subdivision Congresses.
Topical term or geographic name as entry element Internet
General subdivision Safety measures
Form subdivision Congresses.
Topical term or geographic name as entry element Technology and youth
Form subdivision Congresses.
Topical term or geographic name as entry element Technology and children
Form subdivision Congresses.
655 #0 - INDEX TERM--GENRE/FORM
Genre/form data or focus term Electronic books.
700 1# - ADDED ENTRY--PERSONAL NAME
Personal name Walrave, Michel,
Relator term editor.
776 08 - ADDITIONAL PHYSICAL FORM ENTRY
Display text Print version:
Title E-youth : balancing between opportunities and risks.
Place, publisher, and date of publication Brussels, [Belguim] : P.I.E. Peter Lang, c2012
Physical description 296 pages
International Standard Book Number 9789052017846
Record control number 2011045111
797 2# - LOCAL ADDED ENTRY--CORPORATE NAME (RLIN)
Corporate name or jurisdiction name as entry element ebrary.
856 40 - ELECTRONIC LOCATION AND ACCESS
Uniform Resource Identifier <a href="http://site.ebrary.com/lib/rucke/Doc?id=10600380">http://site.ebrary.com/lib/rucke/Doc?id=10600380</a>
Public note An electronic book accessible through the World Wide Web; click to view

No items available.

© 2026 Rongo University
Contact us: librarian | system librarian | Rongo university